| 000 | 00675ngm a2200193 a 4500 | ||
|---|---|---|---|
| 005 | 20210219153829.0 | ||
| 008 | 010918s1980 mx 006 d daspa d | ||
| 035 | _aUPN01000111711 | ||
| 049 | _aAV | ||
| 050 | 4 | _aPVI Q 1149 | |
| 245 | 0 | 1 | _a¿Qué son los sólidos, líquidos y los gases?. |
| 260 |
_aMéxico : _bPelículas Ebesa [distribuidor], _c[198-?]. |
||
| 300 |
_a1 videocasete (VHS) (6 min.) : _bson., col. |
||
| 520 | _aTodo es algo: ya sea un sólido un líquido o un gas. Este video define los tres estados de la materia proporcionando ejemplos cotidianos de cada uno | ||
| 650 | 4 | _aSOLIDOS | |
| 650 | 4 | _aLIQUIDOS | |
| 650 | 4 | _aGASES | |
| 905 | _aAudiovisuales | ||
| 999 |
_c85619 _d85619 |
||